[Event "CYCC U16"]
[Site "Calgary CAN"]
[Date "2023.07.19"]
[Round "1.29"]
[White "Emritte, Rayyan"]
[Black "Prasanna, Shreyas"]
[Result "0-1"]
[WhiteElo "1029"]
[BlackElo "1874"]
[PlyCount "45"]
[EventDate "2023.07.19"]
[EventType "swiss"]
[EventRounds "7"]
[EventCountry "CAN"]

1. e4 e6 2. Nc3 d5 3. exd5 exd5 4. d4 Nf6 5. Bg5 Be7 6. Bd3 Nc6 7. Nf3 Bg4 8.
Bxf6 Bxf6 9. h3 Bxf3 10. Qxf3 Bxd4 11. Nxd5 O-O 12. O-O Bxb2 13. Rab1 Ne5 14.
Bxh7+ Kxh7 15. Qh5+ Kg8 16. Rxb2 Qxd5 17. Rd1 Qe6 18. Rxb7 Rad8 19. Re1 Nf3+
20. gxf3 Qxe1+ 21. Kg2 Rd6 22. Kg3 Rg6+ 23. Kf4 0-1

[Event "CYCC U16"]
[Site "Calgary CAN"]
[Date "2023.07.19"]
[Round "1.30"]
[White "Berube, Maximilien"]
[Black "Wambo-Becker, Gaddiel"]
[Result "1-0"]
[WhiteElo "1832"]
[BlackElo "955"]
[PlyCount "99"]
[EventDate "2023.07.19"]
[EventType "swiss"]
[EventRounds "7"]
[EventCountry "CAN"]

1. e4 c5 2. Nf3 Nc6 3. Bc4 e6 4. c3 d5 5. exd5 exd5 6. Bb5 Bd7 7. d4 Nf6 8. O-O
Be7 9. Bg5 cxd4 10. Nxd4 O-O 11. Nf3 Be6 12. Nbd2 Ne8 13. Bxe7 Nxe7 14. Nd4 Bd7
15. Bd3 Nf6 16. Re1 Re8 17. h3 Qb6 18. Qb3 Qc7 19. Nf1 a6 20. Ne3 Qf4 21. Qd1
Nc6 22. Qf3 Qg5 23. Nxc6 Bxc6 24. Qf5 Re5 25. Qxg5 Rxg5 26. Rad1 Re5 27. Nc2
Rxe1+ 28. Rxe1 g6 29. Nd4 Bd7 30. Kf1 Kf8 31. Be2 Re8 32. Rd1 h5 33. Bf3 Ne4
34. Nb3 Ba4 35. Rxd5 Bxb3 36. axb3 f5 37. Bxe4 Rxe4 38. Rd7 Re7 39. Rxe7 Kxe7
40. Ke2 Kd6 41. Ke3 g5 42. f4 g4 43. Kd4 b6 44. b4 b5 45. h4 g3 46. b3 Ke6 47.
Kc5 Kf6 48. Kd6 Kg7 49. Ke6 Kg6 50. c4 1-0

[Event "CYCC U16"]
[Site "Calgary CAN"]
[Date "2023.07.19"]
[Round "1.31"]
[White "Wang, Patrick"]
[Black "Offengenden, Ron"]
[Result "1-0"]
[WhiteElo "903"]
[BlackElo "1812"]
[PlyCount "111"]
[EventDate "2023.07.19"]
[EventType "swiss"]
[EventRounds "7"]
[EventCountry "CAN"]

1. e4 e5 2. Nf3 Nc6 3. c3 Nf6 4. d4 exd4 5. e5 Nd5 6. Bc4 Nb6 7. Bb3 d5 8. cxd4
Bg4 9. Be3 Qd7 10. O-O Be7 11. Nbd2 f5 12. Qc1 Rf8 13. e6 Qd6 14. Ne5 Nxe5 15.
dxe5 Qxe5 16. Re1 Bd6 17. Nf1 Qf6 18. Bf4 Rc8 19. Ba4+ Nxa4 20. Bxd6 Rg8 21.
Qf4 Nxb2 22. Be5 g5 23. Qb4 Nd3 24. Qa4+ b5 25. Qxb5+ c6 26. Qxd3 Qe7 27. Qa6
Rd8 28. Qxc6+ Kf8 29. Bf6 Qxf6 30. e7+ Kf7 31. exd8=N+ Rxd8 32. Qc7+ Kg8 33.
Rac1 Rf8 34. Qd7 Bh5 35. Qxd5+ Bf7 36. Qe5 Bxa2 37. Qxf6 Rxf6 38. Re7 Bf7 39.
Rxa7 Kg7 40. h3 g4 41. Ng3 Kh6 42. hxg4 fxg4 43. Ne4 Rf4 44. g3 Rf3 45. Ra6+
Bg6 46. Nf6 Rb3 47. Nxg4+ Kg5 48. Nf6 Rb5 49. f4+ Kf5 50. Rc4 h5 51. Kg2 Bf7
52. Rd4 Rb2+ 53. Kh3 h4 54. g4+ Kg6 55. Nh5+ Kh7 56. Rd7 1-0

[Event "CYCC U16"]
[Site "Calgary CAN"]
[Date "2023.07.19"]
[Round "1.32"]
[White "Srinivas, Atharva"]
[Black "Yim, Warren"]
[Result "1-0"]
[WhiteElo "1791"]
[BlackElo "739"]
[PlyCount "81"]
[EventDate "2023.07.19"]
[EventType "swiss"]
[EventRounds "7"]
[EventCountry "CAN"]

1. e4 e5 2. Nf3 Nc6 3. Bb5 Nf6 4. O-O Bc5 5. Re1 d6 6. c3 a6 7. Ba4 b5 8. Bc2
O-O 9. h3 Be6 10. d4 Bb6 11. d5 Bxd5 12. exd5 Ne7 13. Bg5 Nd7 14. Qd3 g6 15.
Nd4 f6 16. Ne6 Qc8 17. Nxf8 Qxf8 18. Be3 Bxe3 19. fxe3 Nc5 20. Qd2 a5 21. a4 b4
22. cxb4 axb4 23. Qxb4 f5 24. Nc3 e4 25. Qd4 Rc8 26. b4 Nb7 27. Bb3 Qg7 28. Nb5
Qxd4 29. Nxd4 Kf8 30. a5 c6 31. dxc6 Nxc6 32. Rec1 Nbd8 33. Nxc6 Rxc6 34. Rxc6
Nxc6 35. b5 Nb8 36. a6 Ke7 37. a7 Nd7 38. a8=Q Nb6 39. Ra7+ Kf6 40. Qd8+ Ke5
41. Qe7# 1-0

[Event "CYCC U16"]
[Site "Calgary CAN"]
[Date "2023.07.19"]
[Round "1.33"]
[White "Wadhwa, Gunraj"]
[Black "Zhang, James"]
[Result "0-1"]
[WhiteElo "466"]
[BlackElo "1742"]
[PlyCount "56"]
[EventDate "2023.07.19"]
[EventType "swiss"]
[EventRounds "7"]
[EventCountry "CAN"]

1. e4 c5 2. Nf3 d6 3. Nc3 Nf6 4. d4 cxd4 5. Nxd4 g6 6. Bb5+ Bd7 7. Bxd7+ Qxd7
8. O-O Bg7 9. Be3 O-O 10. Qd2 Nc6 11. Nf3 Ng4 12. Bc5 b6 13. Ba3 Rac8 14. h3
Nge5 15. Nxe5 Nxe5 16. b3 Nf3+ 17. gxf3 Bxc3 18. Qh6 Bg7 19. Qh4 Bxa1 20. Rxa1
Rxc2 21. e5 Qe6 22. f4 dxe5 23. fxe5 Qxe5 24. Bxe7 Qxa1+ 25. Kg2 Qxa2 26. Bxf8
Rxf2+ 27. Qxf2 Qxf2+ 28. Kxf2 Kxf8 0-1

[Event "CYCC U16"]
[Site "Calgary CAN"]
[Date "2023.07.19"]
[Round "2.15"]
[White "Xu, Daniel"]
[Black "Xu, Andrew"]
[Result "1-0"]
[WhiteElo "2377"]
[BlackElo "1965"]
[PlyCount "91"]
[EventDate "2023.07.19"]
[EventType "swiss"]
[EventRounds "7"]
[EventCountry "CAN"]

1. e4 c6 2. d4 d5 3. exd5 cxd5 4. c4 e6 5. Nc3 Nc6 6. Nf3 Nf6 7. Bg5 Be7 8. c5
O-O 9. Bb5 Bd7 10. O-O Ne4 11. Bxe7 Nxe7 12. Bxd7 Nxc3 13. Qd3 Qxd7 14. Qxc3
Rfc8 15. b4 Qc7 16. b5 Nf5 17. g3 Nd6 18. a4 b6 19. c6 a5 20. Rfe1 Nc4 21. Qd3
Qe7 22. h4 Rc7 23. Ng5 g6 24. Re2 h6 25. Nxe6 fxe6 26. Qxg6+ Qg7 27. Qxe6+ Qf7
28. Qxh6 Rf8 29. Rae1 Qf6 30. Qg5+ Qxg5 31. hxg5 Rcf7 32. f4 Kg7 33. Kg2 Rd8
34. Kf3 Nd6 35. g4 Ne4 36. Rxe4 dxe4+ 37. Rxe4 Rd6 38. f5 Rc7 39. Ke3 Kf7 40.
g6+ Kg7 41. g5 Rd5 42. Re5 Rd8 43. d5 Rh8 44. d6 Rcc8 45. Re7+ Kf8 46. Ke4 1-0

[Event "CYCC U16"]
[Site "Calgary CAN"]
[Date "2023.07.19"]
[Round "2.16"]
[White "Prasanna, Shreyas"]
[Black "Chen, Max"]
[Result "0-1"]
[WhiteElo "1874"]
[BlackElo "2341"]
[PlyCount "56"]
[EventDate "2023.07.19"]
[EventType "swiss"]
[EventRounds "7"]
[EventCountry "CAN"]

1. e4 c6 2. d4 d5 3. exd5 cxd5 4. Bd3 Nc6 5. Ne2 Nf6 6. O-O Nb4 7. Nbc3 Bd7 8.
Re1 e6 9. Bf4 Be7 10. Ng3 Nxd3 11. Qxd3 O-O 12. Rab1 Rc8 13. a3 Re8 14. Be5 Qa5
15. Nge2 b5 16. Red1 Qb6 17. Na2 b4 18. axb4 Bb5 19. Qf3 Rxc2 20. Nec3 Nd7 21.
Bf4 Rc8 22. Qe3 Nf6 23. h3 Bc4 24. b3 Ba6 25. Bg5 h6 26. Bxf6 Bxf6 27. Na4 Qc7
28. Rdc1 Bg5 0-1

[Event "CYCC U16"]
[Site "Calgary CAN"]
[Date "2023.07.19"]
[Round "2.17"]
[White "Huang, Youhe"]
[Black "Berube, Maximilien"]
[Result "1-0"]
[WhiteElo "2285"]
[BlackElo "1832"]
[PlyCount "89"]
[EventDate "2023.07.19"]
[EventType "swiss"]
[EventRounds "7"]
[EventCountry "CAN"]

1. d4 Nf6 2. Nf3 e6 3. Bg5 d5 4. Nbd2 h6 5. Bxf6 Qxf6 6. e4 b6 7. c4 dxe4 8.
Ne5 Bd7 9. g3 Bd6 10. Nxe4 Qe7 11. Nxd6+ Qxd6 12. Qf3 O-O 13. Bg2 Na6 14. O-O
Rad8 15. Rad1 Nb8 16. Qc3 Nc6 17. f4 Nxe5 18. fxe5 Qe7 19. b4 c6 20. a4 a6 21.
a5 Rb8 22. axb6 Rxb6 23. c5 Rb7 24. Ra1 Ra8 25. Be4 Be8 26. Bd3 Rba7 27. Ra5
Bd7 28. Qd2 Bc8 29. Qf4 Qd7 30. Qe4 g6 31. Rfa1 Qb7 32. R1a4 Kg7 33. h4 h5 34.
Kf2 Qd7 35. Ke3 Kh7 36. g4 hxg4 37. h5 Qe7 38. hxg6+ Kg7 39. Qxg4 f5 40. Qh5
Kg8 41. Ra1 Qg7 42. Rh1 Kf8 43. Qg5 Ke8 44. Rh7 Qg8 45. g7 1-0

[Event "CYCC U16"]
[Site "Calgary CAN"]
[Date "2023.07.19"]
[Round "2.18"]
[White "Srinivas, Atharva"]
[Black "Song, Ethan"]
[Result "0-1"]
[WhiteElo "1791"]
[BlackElo "2255"]
[PlyCount "86"]
[EventDate "2023.07.19"]
[EventType "swiss"]
[EventRounds "7"]
[EventCountry "CAN"]

1. e4 c5 2. Nc3 d6 3. f4 Nc6 4. Bb5 e6 5. Nf3 Nge7 6. d3 a6 7. Bxc6+ Nxc6 8.
O-O Be7 9. Ng5 h6 10. Nh3 b5 11. Ne2 d5 12. Ng3 Bb7 13. Qg4 dxe4 14. Nxe4 g6
15. Be3 Nd4 16. Rac1 Qd5 17. c4 bxc4 18. Rxc4 Nf5 19. Bxc5 Bxc5+ 20. Nxc5 Ne3
21. Qf3 Qxf3 22. gxf3 Nxc4 23. dxc4 O-O-O 24. Nb3 Rd3 25. Kg2 g5 26. fxg5 hxg5
27. Kg3 Bxf3 28. Nc5 Be2+ 29. Nxd3 Bxf1 30. Ndf2 f6 31. Ng1 Bxc4 32. b3 Bd5 33.
Ng4 f5 34. Ne5 f4+ 35. Kg4 Rxh2 36. Nh3 f3 37. Nd3 Rg2+ 38. Kh5 g4 39. Nhf2
Rxf2 40. Nxf2 g3 41. Nh3 f2 42. Nxf2 gxf2 43. Kg4 f1=Q 0-1

[Event "CYCC U16"]
[Site "Calgary CAN"]
[Date "2023.07.19"]
[Round "2.19"]
[White "Jiang, Kate"]
[Black "Yang, Vincent"]
[Result "1-0"]
[WhiteElo "2214"]
[BlackElo "1670"]
[PlyCount "73"]
[EventDate "2023.07.19"]
[EventType "swiss"]
[EventRounds "7"]
[EventCountry "CAN"]

1. e4 c6 2. d4 d5 3. Nc3 dxe4 4. Nxe4 Nf6 5. Nxf6+ exf6 6. c3 Bd6 7. Bd3 O-O 8.
Ne2 Re8 9. Be3 Nd7 10. Qc2 Nf8 11. O-O Qc7 12. h3 Be6 13. c4 Rac8 14. c5 Be7
15. b4 b6 16. a4 Ng6 17. Rac1 Bd5 18. Nc3 Qb7 19. Nxd5 cxd5 20. c6 Qc7 21. Bf5
Rb8 22. b5 Bd6 23. Bd2 h5 24. Bxg6 fxg6 25. Qxg6 Re4 26. Be3 Bf4 27. Qxh5 Bxe3
28. Qxd5+ Kf8 29. Qxe4 Bxc1 30. Rxc1 Re8 31. Qh7 Qf4 32. Rd1 Qd6 33. Qc2 Re7
34. Rc1 Rc7 35. Qe4 Qb4 36. Re1 Rc8 37. Qe6 1-0

[Event "CYCC U16"]
[Site "Calgary CAN"]
[Date "2023.07.19"]
[Round "2.20"]
[White "Zhang, James"]
[Black "Lin, Leo"]
[Result "0-1"]
[WhiteElo "1742"]
[BlackElo "2212"]
[PlyCount "78"]
[EventDate "2023.07.19"]
[EventType "swiss"]
[EventRounds "7"]
[EventCountry "CAN"]

1. e4 Nf6 2. e5 Nd5 3. c4 Nb6 4. d4 d6 5. f4 dxe5 6. fxe5 Bf5 7. Nf3 e6 8. Bd3
Bg4 9. Be2 Nc6 10. Nbd2 Bb4 11. c5 Nd5 12. a3 Ne3 13. Qa4 Bxd2+ 14. Bxd2 Nf5
15. Bc3 O-O 16. O-O-O Ne3 17. Rd2 Ne7 18. h3 Bf5 19. Nh4 Be4 20. Bf3 Bxf3 21.
Nxf3 Qd5 22. Nh4 c6 23. Re1 b5 24. cxb6 axb6 25. Qb4 N7f5 26. Nxf5 Nxf5 27. a4
Nh4 28. Rf1 Nf5 29. Rdf2 c5 30. dxc5 bxc5 31. Qf4 Nd4 32. Bxd4 cxd4 33. Rd1 Qa2
34. Qe4 Rab8 35. Qb1 Rfc8+ 36. Rc2 Qb3 37. Re1 d3 38. Rxc8+ Rxc8+ 39. Kd2 Rc2+
0-1

[Event "CYCC U16"]
[Site "Calgary CAN"]
[Date "2023.07.19"]
[Round "2.21"]
[White "Srinivasan, Hemant"]
[Black "Cheng, Adrien"]
[Result "1-0"]
[WhiteElo "2200"]
[BlackElo "1601"]
[PlyCount "53"]
[EventDate "2023.07.19"]
[EventType "swiss"]
[EventRounds "7"]
[EventCountry "CAN"]

1. d4 Nf6 2. c4 g6 3. Nc3 Bg7 4. e4 d6 5. Nf3 O-O 6. Be2 e5 7. O-O Nc6 8. d5
Ne7 9. b4 Nh5 10. c5 Nf4 11. Bxf4 exf4 12. Nd4 f5 13. f3 fxe4 14. fxe4 g5 15.
Rc1 a6 16. Kh1 Ng6 17. Ne6 Bxe6 18. dxe6 Bxc3 19. Rxc3 Qf6 20. Qb3 Kh8 21. Bg4
Rfe8 22. cxd6 cxd6 23. Bf5 Ne7 24. Rc7 Nxf5 25. exf5 Qxf5 26. Qc3+ Qe5 27. Qd3
1-0

[Event "CYCC U16"]
[Site "Calgary CAN"]
[Date "2023.07.19"]
[Round "2.22"]
[White "Chhatralia, Bhavik"]
[Black "Zhu, Matthew"]
[Result "0-1"]
[WhiteElo "1663"]
[BlackElo "2200"]
[PlyCount "58"]
[EventDate "2023.07.19"]
[EventType "swiss"]
[EventRounds "7"]
[EventCountry "CAN"]

1. e4 c5 2. c3 Nf6 3. e5 Nd5 4. d4 cxd4 5. Nf3 Nc6 6. cxd4 d6 7. Bc4 Nb6 8. Bb5
dxe5 9. Nxe5 Bd7 10. Nxd7 Qxd7 11. Nc3 e6 12. Bf4 Rd8 13. Qf3 Nd5 14. Rd1 Nxf4
15. Qxf4 a6 16. d5 exd5 17. Rxd5 Bd6 18. Qe3+ Kf8 19. Be2 Ne7 20. Rd3 Qc7 21.
h3 g6 22. Qh6+ Kg8 23. Ne4 Qa5+ 24. Kf1 Be5 25. Qg5 Nc6 26. b4 Qc7 27. g3 Rxd3
28. Bxd3 Nxb4 29. Bc4 Qxc4+ 0-1

[Event "CYCC U16"]
[Site "Calgary CAN"]
[Date "2023.07.19"]
[Round "2.23"]
[White "Sharma, Vishruth"]
[Black "Terance, Nitish"]
[Result "1-0"]
[WhiteElo "2198"]
[BlackElo "1532"]
[PlyCount "65"]
[EventDate "2023.07.19"]
[EventType "swiss"]
[EventRounds "7"]
[EventCountry "CAN"]

1. e4 c5 2. Nf3 e6 3. d4 cxd4 4. Nxd4 Nf6 5. Nc3 Nc6 6. a3 d5 7. Bb5 Bd7 8.
exd5 Nxd4 9. Bxd7+ Qxd7 10. Qxd4 Nxd5 11. Nxd5 Qxd5 12. Qxd5 exd5 13. Be3 b6
14. O-O-O O-O-O 15. Rhe1 Rd7 16. Rd3 Bc5 17. Bxc5 bxc5 18. Re5 Rhd8 19. c4 dxc4
20. Rxc5+ Rc7 21. Rxc7+ Kxc7 22. Rxd8 Kxd8 23. Kc2 Kc7 24. Kc3 Kc6 25. Kxc4 f6
26. b4 a6 27. f4 g5 28. fxg5 fxg5 29. g4 Kd6 30. Kd4 Kc6 31. a4 Kd6 32. Ke4 Kc6
33. Kf5 1-0

[Event "CYCC U16"]
[Site "Calgary CAN"]
[Date "2023.07.19"]
[Round "2.24"]
[White "Wang, Patrick"]
[Black "Liu, Henry"]
[Result "0-1"]
[WhiteElo "903"]
[BlackElo "2180"]
[PlyCount "70"]
[EventDate "2023.07.19"]
[EventType "swiss"]
[EventRounds "7"]
[EventCountry "CAN"]

1. e4 e6 2. d4 d5 3. e5 c5 4. c3 Nc6 5. Nf3 Qb6 6. Be2 Nh6 7. b3 cxd4 8. cxd4
Nf5 9. Bb2 Bb4+ 10. Kf1 Bd7 11. g3 O-O 12. g4 Nh6 13. Bc1 Be7 14. Rg1 Kh8 15.
Bxh6 gxh6 16. Qd2 Bg5 17. Qb2 f6 18. Nbd2 fxe5 19. Nxg5 hxg5 20. Nf3 exd4 21.
Nxg5 e5 22. Rg3 Rf6 23. Rh3 h6 24. Qd2 Kg7 25. Rh4 Raf8 26. Nf3 Rf4 27. g5 hxg5
28. Rh5 g4 29. Nxe5 Nxe5 30. Rxe5 d3 31. Re7+ Kg8 32. Bf3 Qf6 33. Qxd3 Qxa1+
34. Kg2 gxf3+ 35. Kg3 Qg1# 0-1

[Event "CYCC U16"]
[Site "Calgary CAN"]
[Date "2023.07.19"]
[Round "2.28"]
[White "Offengenden, Ron"]
[Black "Valavan, Aaryan"]
[Result "0-1"]
[WhiteElo "1812"]
[BlackElo "1157"]
[PlyCount "120"]
[EventDate "2023.07.19"]
[EventType "swiss"]
[EventRounds "7"]
[EventCountry "CAN"]

1. e4 g6 2. d4 Bg7 3. Nf3 d6 4. Bc4 Nf6 5. Nc3 O-O 6. Qe2 Bg4 7. h3 Bxf3 8.
Qxf3 Nc6 9. Be3 Nd7 10. Rd1 e5 11. d5 Ne7 12. g4 Kh8 13. g5 f5 14. gxf6 Nxf6
15. Qg2 a6 16. a4 Qd7 17. Kd2 c6 18. b3 cxd5 19. exd5 Rac8 20. h4 Nf5 21. Bg5
Nd4 22. Be3 Qg4 23. Qxg4 Nxg4 24. Ne4 Nf5 25. Bg5 Nf6 26. Nc3 Bh6 27. Bxh6 Nxh6
28. f3 Nf5 29. Ne4 Nxe4+ 30. fxe4 Ng3 31. Rhe1 Rf4 32. Kd3 Rxh4 33. Re3 Nh5 34.
Rf1 Rf4 35. Ref3 Rcf8 36. Ke3 Rxf3+ 37. Rxf3 Rxf3+ 38. Kxf3 Kg7 39. a5 Nf6 40.
Bf1 Ng8 41. Bh3 Ne7 42. Be6 Kf8 43. Bd7 h5 44. c4 g5 45. b4 g4+ 46. Kg3 Ng8 47.
c5 Nf6 48. c6 Ke7 49. Bf5 bxc6 50. dxc6 Kd8 51. b5 axb5 52. a6 Ne8 53. Bg6 Nc7
54. Bxh5 Nxa6 55. Kxg4 Kc7 56. Kf5 Kxc6 57. Be2 Nc5 58. Bd1 b4 59. Bc2 b3 60.
Bb1 Na4 0-1

[Event "CYCC U16"]
[Site "Calgary CAN"]
[Date "2023.07.19"]
[Round "2.29"]
[White "Rao, Atharva"]
[Black "Wright, Joshua"]
[Result "1-0"]
[WhiteElo "1585"]
[BlackElo "1137"]
[PlyCount "63"]
[EventDate "2023.07.19"]
[EventType "swiss"]
[EventRounds "7"]
[EventCountry "CAN"]

1. Nf3 Nf6 2. d4 g6 3. c4 Bg7 4. Nc3 O-O 5. e4 d6 6. Be2 Nbd7 7. O-O e5 8. d5
Nc5 9. Nd2 Ne8 10. b4 Nd7 11. c5 dxc5 12. bxc5 Nxc5 13. Ba3 b6 14. Nb3 Nxb3 15.
Qxb3 Nd6 16. Rac1 a6 17. Na4 Re8 18. Bxd6 Qxd6 19. Rc6 Qd8 20. Rfc1 b5 21. Nb2
Re7 22. Qc2 Bh6 23. d6 Rd7 24. dxc7 Qe7 25. Rd1 Bf8 26. Rd5 Ra7 27. Rxd7 Qxd7
28. h3 Ra8 29. Nd1 h5 30. Ne3 Bb7 31. Rb6 Ra7 32. Rxb7 1-0

[Event "CYCC U16"]
[Site "Calgary CAN"]
[Date "2023.07.19"]
[Round "2.30"]
[White "Lu, Kevin"]
[Black "Sura, Aditya"]
[Result "0-1"]
[WhiteElo "1463"]
[BlackElo "1096"]
[PlyCount "82"]
[EventDate "2023.07.19"]
[EventType "swiss"]
[EventRounds "7"]
[EventCountry "CAN"]

1. e4 e6 2. d4 d5 3. exd5 exd5 4. Nf3 Nc6 5. c4 Bg4 6. Be3 Bb4+ 7. Nc3 Nge7 8.
a3 Bxc3+ 9. bxc3 Nf5 10. h3 Nxe3 11. fxe3 Bh5 12. Bd3 O-O 13. cxd5 Qxd5 14. e4
Rfe8 15. O-O Qd6 16. Qc2 Bg6 17. Nh4 Ne7 18. Nxg6 Nxg6 19. Qb3 Nf4 20. Bc4 Rxe4
21. Bxf7+ Kh8 22. Ra2 Ne2+ 23. Rxe2 Rxe2 24. Bh5 Rd2 25. Qxb7 Rf8 26. Bf3 Qb6
27. Qd5 Qd6 28. Qb3 g6 29. Rf2 Qf4 30. Qb4 Rd1+ 31. Rf1 Rxf1+ 32. Kxf1 h5 33.
Ke2 Re8+ 34. Kd3 Re3+ 35. Kc2 Qf5+ 36. Kb2 Re6 37. Qb8+ Kg7 38. Qxc7+ Kh6 39.
Qxa7 Re1 40. Kb3 Rb1+ 41. Kc4 Qb5# 0-1

[Event "CYCC U16"]
[Site "Calgary CAN"]
[Date "2023.07.19"]
[Round "2.31"]
[White "Mu, Shaunavon"]
[Black "Chen, Matthew"]
[Result "1/2-1/2"]
[WhiteElo "1033"]
[BlackElo "1422"]
[PlyCount "140"]
[EventDate "2023.07.19"]
[EventType "swiss"]
[EventRounds "7"]
[EventCountry "CAN"]

1. d4 Nf6 2. c4 e6 3. g3 Bb4+ 4. Bd2 Bxd2+ 5. Qxd2 d5 6. Bg2 O-O 7. Nf3 c5 8.
cxd5 Nxd5 9. O-O cxd4 10. Nxd4 Qe7 11. Nc3 Qb4 12. Rfd1 Nxc3 13. bxc3 Qc5 14.
Rab1 e5 15. Nc2 Nc6 16. Nb4 Bf5 17. Nd3 Qe7 18. Qe3 Rfd8 19. Be4 Bxe4 20. Qxe4
Rac8 21. Nb4 Nxb4 22. Rxd8+ Rxd8 23. Rxb4 b6 24. Rd4 Rc8 25. Rd5 f6 26. f4 Rxc3
27. fxe5 Rc8 28. Qf5 Rc5 29. exf6 Qxf6 30. Rxc5 Qd4+ 31. Kg2 bxc5 32. e4 c4 33.
e5 Qd5+ 34. Kh3 c3 35. Qc8+ Kf7 36. Qxc3 Ke6 37. Qc8+ Kxe5 38. Qc7+ Ke6 39.
Qxa7 Qh5+ 40. Kg2 Qe2+ 41. Qf2 Qe4+ 42. Kf1 Qh1+ 43. Ke2 Qb7 44. Qe3+ Kd6 45.
Qd4+ Ke6 46. Ke3 Qb5 47. Qe4+ Kf6 48. Qxh7 Qc5+ 49. Ke2 Qc4+ 50. Qd3 Qxa2+ 51.
Qd2 Qc4+ 52. Kf3 Qc6+ 53. Kf2 Qc5+ 54. Kg2 Qc6+ 55. Kf2 Qb6+ 56. Qe3 Qb2+ 57.
Qe2 Qd4+ 58. Kg2 Kg6 59. h4 Qd5+ 60. Kh2 Qd6 61. Qg4+ Kh7 62. Qh5+ Kg8 63. Kh3
Qd7+ 64. Qg4 Qd3 65. Qc8+ Kh7 66. Kg2 Qe2+ 67. Kg1 Qe1+ 68. Kg2 Qe2+ 69. Kg1
Qe1+ 70. Kg2 Qe2+ 1/2-1/2

[Event "CYCC U16"]
[Site "Calgary CAN"]
[Date "2023.07.19"]
[Round "2.32"]
[White "McBain, Robert"]
[Black "Dossa, Andre"]
[Result "0-1"]
[WhiteElo "1399"]
[BlackElo "1050"]
[PlyCount "78"]
[EventDate "2023.07.19"]
[EventType "swiss"]
[EventRounds "7"]
[EventCountry "CAN"]

1. e4 c6 2. d4 d5 3. Nc3 dxe4 4. Nxe4 Bf5 5. Ng3 Bg6 6. h4 h6 7. Nf3 Nd7 8. h5
Bh7 9. Bd3 Bxd3 10. Qxd3 e6 11. Bf4 Qa5+ 12. c3 Ngf6 13. Ne5 Nxe5 14. Bxe5 Be7
15. Ne4 Nxe4 16. Qxe4 O-O-O 17. Bxg7 Rhg8 18. Bxh6 Qb5 19. O-O-O Qa4 20. Kb1
Rd5 21. g4 Ra5 22. a3 Bxa3 23. bxa3 Qb3+ 24. Kc1 Qxc3+ 25. Qc2 Qa1+ 26. Kd2
Qxd4+ 27. Ke1 Re5+ 28. Kf1 Qxg4 29. Be3 Rxe3 30. fxe3 Qf3+ 31. Ke1 Qxh1+ 32.
Kd2 Qxh5 33. Kc1 Qe5 34. Qd3 Qa1+ 35. Kc2 Rg2+ 36. Kb3 Qb2+ 37. Ka4 Rg4+ 38. e4
Rxe4+ 39. Qxe4 Qb5# 0-1

[Event "CYCC U16"]
[Site "Calgary CAN"]
[Date "2023.07.19"]
[Round "2.33"]
[White "Wambo-Becker, Gaddiel"]
[Black "Hamboyan, Vartan"]
[Result "1-0"]
[WhiteElo "955"]
[BlackElo "1319"]
[PlyCount "75"]
[EventDate "2023.07.19"]
[EventType "swiss"]
[EventRounds "7"]
[EventCountry "CAN"]

1. d4 Nf6 2. c4 e6 3. Nc3 d5 4. Bg5 Be7 5. e3 O-O 6. Nf3 h6 7. Bh4 b6 8. cxd5
exd5 9. Bd3 Bb7 10. O-O Re8 11. Bc2 Na6 12. a3 c5 13. Rc1 Ne4 14. Bxe7 Rxe7 15.
Bb1 Rc8 16. Nd2 Nxc3 17. bxc3 Rc6 18. Qc2 g6 19. Nf3 cxd4 20. exd4 Rec7 21. Qd2
Kg7 22. Ne5 Re6 23. f4 f5 24. Rf3 Bc8 25. g4 fxg4 26. Nxg4 Re8 27. Ne5 Bf5 28.
Rg3 Kh7 29. Bxf5 gxf5 30. Qd3 Nb8 31. Qxf5+ Kh8 32. Nf7+ Rxf7 33. Qxf7 Rg8 34.
Re1 Rxg3+ 35. hxg3 Nc6 36. Re8+ Qxe8 37. Qxe8+ Kg7 38. Qxc6 1-0

[Event "CYCC U16"]
[Site "Calgary CAN"]
[Date "2023.07.19"]
[Round "2.34"]
[White "Suer, Derin"]
[Black "Emritte, Rayyan"]
[Result "1-0"]
[WhiteElo "1297"]
[BlackElo "1029"]
[PlyCount "53"]
[EventDate "2023.07.19"]
[EventType "swiss"]
[EventRounds "7"]
[EventCountry "CAN"]

1. e4 e5 2. Nc3 Nc6 3. f4 d6 4. Nf3 f5 5. d3 Nf6 6. h3 Be6 7. Be2 d5 8. fxe5 d4
9. Nb5 fxe4 10. exf6 exf3 11. Bxf3 Qxf6 12. O-O Bd6 13. Bxc6+ bxc6 14. Rxf6
gxf6 15. Nxd6+ cxd6 16. Qh5+ Bf7 17. Qa5 Bd5 18. Bf4 Kd7 19. Qa6 Rhg8 20. Qb7+
Ke6 21. Re1+ Kf5 22. Qxh7+ Kxf4 23. Rf1+ Ke3 24. Qe7+ Kd2 25. Rf2+ Kd1 26. Qe2+
Kc1 27. Qe1+ 1-0

[Event "CYCC U16"]
[Site "Calgary CAN"]
[Date "2023.07.19"]
[Round "2.35"]
[White "Yim, Warren"]
[Black "Hambardzumyan, Narek"]
[Result "0-1"]
[WhiteElo "739"]
[BlackElo "1221"]
[PlyCount "44"]
[EventDate "2023.07.19"]
[EventType "swiss"]
[EventRounds "7"]
[EventCountry "CAN"]

1. e4 c5 2. Nf3 d6 3. Nc3 Nf6 4. Bc4 g6 5. d3 Bg7 6. O-O O-O 7. Be3 Ng4 8. Bf4
Nc6 9. h3 Nge5 10. Qd2 Nxf3+ 11. gxf3 Bxh3 12. Rfe1 Nd4 13. Re3 e5 14. Bg3 Bh6
15. f4 exf4 16. Bxf4 Bxf4 17. Ne2 Bxe3 18. Qxe3 Nxe2+ 19. Kh2 Bg4 20. f3 Qh4+
21. Kg2 Bh3+ 22. Kh2 Bf1# 0-1

[Event "CYCC U16"]
[Site "Calgary CAN"]
[Date "2023.07.19"]
[Round "2.36"]
[White "Yang, Ernst"]
[Black "Wadhwa, Gunraj"]
[Result "1-0"]
[WhiteElo "1220"]
[BlackElo "466"]
[PlyCount "43"]
[EventDate "2023.07.19"]
[EventType "swiss"]
[EventRounds "7"]
[EventCountry "CAN"]

1. e4 e5 2. Nc3 Nc6 3. Bc4 Nf6 4. f4 Nxe4 5. Nxe4 d5 6. Bb5 dxe4 7. Qe2 Bd7 8.
Qxe4 Bd6 9. Nf3 O-O 10. O-O exf4 11. d4 Re8 12. Qd3 Nb4 13. Qb3 Bxb5 14. c4
Bxc4 15. Qxc4 Qf6 16. Ne5 Bxe5 17. dxe5 Qb6+ 18. Kh1 Nc6 19. Bxf4 Nxe5 20. Bxe5
Rxe5 21. Qxf7+ Kh8 22. Qf8+ 1-0

[Event "CYCC U16"]
[Site "Calgary CAN"]
[Date "2023.07.20"]
[Round "3.15"]
[White "Zhu, Matthew"]
[Black "Xu, Daniel"]
[Result "0-1"]
[WhiteElo "2200"]
[BlackElo "2377"]
[PlyCount "44"]
[EventDate "2023.07.19"]
[EventType "swiss"]
[EventRounds "7"]
[EventCountry "CAN"]

1. e4 c5 2. Nf3 d6 3. Bb5+ Nd7 4. d4 Ngf6 5. Nc3 cxd4 6. Qxd4 e5 7. Qd3 h6 8.
Be3 Be7 9. O-O-O a6 10. Bxd7+ Bxd7 11. h3 b5 12. Rd2 Be6 13. b3 Rc8 14. Re2 Qc7
15. Bd2 b4 16. Na4 d5 17. exd5 e4 18. Rxe4 Nxe4 19. dxe6 f5 20. Ne5 O-O 21. Bf4
Bg5 22. g3 Qxe5 0-1

[Event "CYCC U16"]
[Site "Calgary CAN"]
[Date "2023.07.20"]
[Round "3.16"]
[White "Chen, Max"]
[Black "Srinivasan, Hemant"]
[Result "1-0"]
[WhiteElo "2341"]
[BlackElo "2200"]
[PlyCount "39"]
[EventDate "2023.07.19"]
[EventType "swiss"]
[EventRounds "7"]
[EventCountry "CAN"]

1. e4 c6 2. Nf3 d5 3. exd5 cxd5 4. Ne5 Nf6 5. d4 Bf5 6. g4 Be4 7. f3 Bg6 8. h4
Qc8 9. Bb5+ Nbd7 10. Nc3 a6 11. Bxd7+ Nxd7 12. Nxd7 Qxd7 13. h5 Qd6 14. hxg6
Qg3+ 15. Kf1 O-O-O 16. Qd3 e6 17. Ne2 Qc7 18. Qc3 fxg6 19. Qxc7+ Kxc7 20. Nf4
1-0